Исследования растительности и почв в лесах Северо-Востока СССР / (Record no. 310717)
[ view plain ]
| 000 -LEADER | |
|---|---|
| fixed length control field | 00868nam a2200193 a 4500 |
| 001 - CONTROL NUMBER | |
| control field | 000887165 |
| 003 - CONTROL NUMBER IDENTIFIER | |
| control field | AM-YeHGA |
| 005 - DATE AND TIME OF LATEST TRANSACTION | |
| control field | 20250617145357.0 |
| 008 - FIXED-LENGTH DATA ELEMENTS--GENERAL INFORMATION | |
| fixed length control field | 120425s1971 ru r 000 0 rus d |
| 040 ## - CATALOGING SOURCE | |
| Original cataloging agency | AM-YeHGA |
| 041 0# - LANGUAGE CODE | |
| Language code of text/sound track or separate title | rus |
| 090 ## - LOCALLY ASSIGNED LC-TYPE CALL NUMBER (OCLC); LOCAL CALL NUMBER (RLIN) | |
| -- | 312434 |
| 245 00 - TITLE STATEMENT | |
| Title | Исследования растительности и почв в лесах Северо-Востока СССР / |
| Statement of responsibility, etc. | АН СССР, Якутский филиал, СО, Ин-т биологии; Отв. ред. И.П. Щербаков. |
| 260 ## - PUBLICATION, DISTRIBUTION, ETC. | |
| Place of publication, distribution, etc. | Якутск : |
| Name of publisher, distributor, etc. | Якутское кн. изд-во, |
| Date of publication, distribution, etc. | 1971. |
| 300 ## - PHYSICAL DESCRIPTION | |
| Extent | 175 с. : |
| Other physical details | табл., рис. ; |
| Dimensions | 26 см. |
| 650 14 - SUBJECT ADDED ENTRY--TOPICAL TERM | |
| Topical term or geographic name entry element | Лесоводство |
| 700 1# - ADDED ENTRY--PERSONAL NAME | |
| Personal name | Щербаков, И.П. |
| Relator term | ред. |
| Relationship | edt |
| 710 2# - ADDED ENTRY--CORPORATE NAME | |
| Corporate name or jurisdiction name as entry element | Институт биологии АН СССР. |
| Subordinate unit | Якутский филиал, |
| -- | Сибирское отделение |
| Withdrawn status | Lost status | Damaged status | Not for loan | Collection | Home library | Current library | Date acquired | Total checkouts | Full call number | Barcode | Date last seen | Price effective from | Koha item type | Public note |
|---|---|---|---|---|---|---|---|---|---|---|---|---|---|---|
| General | Fundamental Scientific Library | Fundamental Scientific Library | 09/01/2017 | PIII/32681 | FL0368568 | 09/01/2017 | 09/01/2017 | Գրքեր / Books | 30 Days Loan |
ՀՀ Գիտությունների ազգային ակադեմիայի հիմնարար գիտական գրադարան = Fundamental Scientific Library of NAS RA
All site content, except where otherwise noted, is licensed under a